Vrai ou faux couple de télé-réalité française - Statistiques

Statistiques générales
  • Ce quiz a été pris 61 fois
  • Le résultat moyen est 3 sur 16
Answers on the Grid
Answers color-coded by a green-red scale on the quiz's grid according to % correct below.
Giovanny et Adixia
Julien Guirado et Martika
Adixia et Jordan
Kevin Zampa et Rania
Julien Guirado et Aurélie Dotremont
Milla et Bastos
Julien Tanti et Tressia
Jelena et Greg
Vincent Queijo et Leana
Julien Tanti et Jessica Thivenin
Milla et Nacca
Marine et Raphael Pepin
Nikola et Maeva Ghennam
Kevin Zampa et Leana
Paga et Manon Van
Montaine et Kevin
Jordan et Manon Van
Greg et Laura Mara
Maissane et Nicolo
Cynthia et Julien Bert
Cynthia et Gabriel Ayuso
Melanie Dedigama et Vivian
Melanie Orl et AD Laurent
Illan et Maeva Ghennam
Anthony Alcaraz et Melanight
Kim Glow et Anthony Mathéo
Thibault et Montaine
Sarah Lopez et Raphael Pepin
 
Statistiques - réponses
Réponse % Correct
Julien Guirado et Martika
51%
Julien Tanti et Jessica Thivenin
46%
Julien Guirado et Aurélie Dotremont
34%
Milla et Nacca
34%
Kim Glow et Anthony Mathéo
29%
Julien Tanti et Tressia
26%
Cynthia et Gabriel Ayuso
23%
Adixia et Jordan
20%
Nikola et Maeva Ghennam
14%
Greg et Laura Mara
11%
Jordan et Manon Van
11%
Melanie Orl et AD Laurent
11%
Cynthia et Julien Bert
9%
Paga et Manon Van
9%
Anthony Alcaraz et Melanight
6%
Thibault et Montaine
6%
Aucun quiz correspondant
Distribution des résultats
% des personnes avec chaque résultat
Percentile par nombre de réponses
Votre historique - résultats
Vous n’avez pas pris ce quiz